Introduction to managerial accounting
Zapisane w:
| 1. autor: | |
|---|---|
| Format: | Książka |
| Język: | angielski |
| Wydane: |
McGraw-Hill Education
2016
|
| Etykiety: |
Dodaj etykietę
Nie ma etykietki, Dołącz pierwszą etykiete!
|
MARC
| LEADER | 00000nam a22000007a 4500 | ||
|---|---|---|---|
| 008 | 201221b ||||| |||| 00| 0 eng d | ||
| 020 | |a 978-1-4714-52-5 | ||
| 100 | |a BREWER, Peter C. |a Garrison, Ray H. |a Noreen, Eric W. | ||
| 245 | |a Introduction to managerial accounting |c Peter C. Brewer, Ray. H. Garrison, Eric W. Noreen |g xxxii, 678p.: ill. | ||
| 250 | |b 7TH | ||
| 260 | |b McGraw-Hill Education |c 2016 |h New York |i 689414 |l HF5657.4 .B75 |m Managerial accounting | ||
| 500 | |a “It includes references” | ||
| 942 | |a lcc |c BK |e O.A.JOHNSON |f 21/12/20 | ||
| 952 | |0 0 |1 0 |2 lcc |4 0 |6 HF56574 B75 |7 0 |9 1009 |a HOL |b HOL |c GJ |d 2020-12-21 |l 0 |o HF5657.4 .B75 |p 2020-230231 |r 2020-12-21 00:00:00 |w 2020-12-21 |y BK | ||
| 999 | |c 521 |d 521 | ||